Statistics for Countries, US States, Capitals, Elements, 100 Most Common Words: A + B + xyz = C #8

Click here to take the quiz!

General Stats

  • This quiz has been taken 24 times
  • The average score is 29 of 48

Answer Stats

ANSWER % Correct
{Him} 7
83%
{Peru} 1
83%
{Any} 2
83%
{u}z{B}e{kIsta}n{}
83%
{Way} 9
83%
{New} 10
78%
{Welli}n{Gt}o{}n{}
72%
{Will} 1
72%
{Baku} 3
72%
{}n{ew} z{e}a{LaNd}
72%
{The} 8
72%
{Its} 6
67%
{Her} 4
67%
{Most} 6
67%
{nAy}p{y}i{}d{aW}
67%
{Tin} 3
67%
{Get} 7
67%
{Its} 2
67%
{Can} 3
61%
{When} 3
61%
{Also} 3
61%
{Oslo} 2
61%
{Paris} 8
61%
{r}u{THeni}u{}m{}
61%
{n}e{W} h{a}m{Pshire}
61%
{}m{I}n{nesOt}a{}
61%
{One} 7
61%
{sO}u{T}h{} c{arolina}
56%
{Lima} 3
56%
{Tokyo} 12
56%
{}c{hA}r{lesTo}n{}
56%
{}c{arSon} c{I}t{y}
56%
{Say} 4
50%
{Use} 9
50%
{Pr}o{}m{e}t{Hium}
50%
{Tirana} 4
50%
{Riga} 6
50%
{Lead} 8
50%
{sea}b{}o{RgiU}m{}
50%
{s}a{C}r{aM}e{nto}
50%
{domINi}c{an} {re}p{ubli}c{}
50%
{okL}a{}h{oma} c{iTy}
50%
{Iron} 9
50%
{Indonesia} 16
39%
{s}a{o} t{o}m{e} {and} {prInCipe}
39%
{Copper} 18
33%
{Ireland} 4
33%
{Niobium} 5
17%

Score Distribution

Percentile by Number Answered

Percent of People with Each Score

Your Score History

You have not taken this quiz